<?xml version="1.0" encoding="UTF-8"?>
<record
    xmlns:xsi="http://www.w3.org/2001/XMLSchema-instance"
    xsi:schemaLocation="http://www.loc.gov/MARC21/slim http://www.loc.gov/standards/marcxml/schema/MARC21slim.xsd"
    xmlns="http://www.loc.gov/MARC21/slim">

  <leader>01142nam a22002297a 4500</leader>
  <controlfield tag="003">EG-ScBUE</controlfield>
  <controlfield tag="005">20221117073742.0</controlfield>
  <controlfield tag="008">100623s2008    ua     f b    000 0 ara d</controlfield>
  <datafield tag="017" ind1=" " ind2=" ">
    <subfield code="a">2008 / 7133</subfield>
  </datafield>
  <datafield tag="040" ind1=" " ind2=" ">
    <subfield code="a">EG-ScBUE</subfield>
    <subfield code="b">ara</subfield>
    <subfield code="e">rda</subfield>
    <subfield code="c">EG-ScBUE</subfield>
    <subfield code="d">EG-ScBUE</subfield>
  </datafield>
  <datafield tag="082" ind1="0" ind2="4">
    <subfield code="2">22 </subfield>
    <subfield code="a">658.409</subfield>
    <subfield code="b">&#x647;&#x640;  &#x648; &#x627;</subfield>
  </datafield>
  <datafield tag="100" ind1="1" ind2=" ">
    <subfield code="9">15105</subfield>
    <subfield code="a">&#x647;&#x648;&#x627;&#x631;&#x64A;&#x60C; &#x633;&#x64A;&#x62F;&#x60C;</subfield>
    <subfield code="e">&#x645;&#x624;&#x644;&#x641;.</subfield>
  </datafield>
  <datafield tag="245" ind1="1" ind2="2">
    <subfield code="a">&#x627;&#x644;&#x642;&#x627;&#x626;&#x62F; &#x627;&#x644;&#x62A;&#x62D;&#x648;&#x64A;&#x644;&#x64A; &#x648;&#x62A;&#x63A;&#x64A;&#x64A;&#x631; &#x627;&#x644;&#x645;&#x633;&#x62A;&#x642;&#x628;&#x644; :</subfield>
    <subfield code="b">&#x646;&#x645;&#x648;&#x630;&#x62C; &#x62C;&#x62F;&#x64A;&#x62F; &#x644;&#x644;&#x642;&#x627;&#x62F;&#x629; &#x644;&#x645;&#x648;&#x627;&#x62C;&#x647;&#x629; &#x627;&#x644;&#x62A;&#x62D;&#x62F;&#x64A;&#x627;&#x62A; &#x627;&#x644;&#x639;&#x627;&#x644;&#x645;&#x64A;&#x629; &#x648;&#x627;&#x644;&#x645;&#x62D;&#x644;&#x64A;&#x629; &#x627;&#x644;&#x645;&#x639;&#x627;&#x635;&#x631;&#x629;: &#x637;&#x628;&#x64A;&#x639;&#x62A;&#x647; &#x648;&#x648;&#x638;&#x64A;&#x641;&#x62A;&#x647; &#x648;&#x645;&#x62D;&#x627;&#x648;&#x631;&#x647; &#x641;&#x64A; &#x627;&#x644;&#x62A;&#x63A;&#x64A;&#x64A;&#x631; /</subfield>
    <subfield code="c">&#x627;&#x644;&#x62F;&#x643;&#x62A;&#x648;&#x631; &#x633;&#x64A;&#x62F; &#x627;&#x644;&#x647;&#x648;&#x627;&#x631;&#x64A;&#x60C; &#x623;&#x633;&#x62A;&#x627;&#x630; &#x625;&#x62F;&#x627;&#x631;&#x629; &#x627;&#x644;&#x623;&#x639;&#x645;&#x627;&#x644;&#x60C; &#x643;&#x644;&#x64A;&#x629; &#x627;&#x644;&#x62A;&#x62C;&#x627;&#x631;&#x629; &#x62C;&#x627;&#x645;&#x639;&#x629; &#x639;&#x64A;&#x646; &#x634;&#x645;&#x633;&#x60C; &#x645;&#x624;&#x633;&#x633; &#x648;&#x631;&#x626;&#x64A;&#x633; IBC &#x644;&#x644;&#x627;&#x633;&#x62A;&#x634;&#x627;&#x631;&#x627;&#x62A; &#x645;&#x646;&#x630; 1975.</subfield>
  </datafield>
  <datafield tag="264" ind1=" " ind2="1">
    <subfield code="a">[&#x627;&#x644;&#x642;&#x627;&#x647;&#x631;&#x629;] :</subfield>
    <subfield code="b">&#x633;&#x64A;&#x62F; &#x627;&#x644;&#x647;&#x648;&#x627;&#x631;&#x64A;&#x60C;</subfield>
    <subfield code="c">2008.</subfield>
  </datafield>
  <datafield tag="300" ind1=" " ind2=" ">
    <subfield code="a">208 &#x635;&#x641;&#x62D;&#x629; &#x61B;</subfield>
    <subfield code="c">24 &#x633;&#x645; </subfield>
  </datafield>
  <datafield tag="504" ind1=" " ind2=" ">
    <subfield code="a">&#x64A;&#x634;&#x62A;&#x645;&#x644; &#x639;&#x644;&#x649; &#x625;&#x631;&#x62C;&#x627;&#x639;&#x627;&#x62A; &#x628;&#x628;&#x644;&#x64A;&#x648;&#x62C;&#x631;&#x627;&#x641;&#x64A;&#x629;.</subfield>
  </datafield>
  <datafield tag="541" ind1=" " ind2=" ">
    <subfield code="a">Book from store.</subfield>
  </datafield>
  <datafield tag="650" ind1=" " ind2="7">
    <subfield code="9">15143</subfield>
    <subfield code="a">&#x627;&#x644;&#x642;&#x64A;&#x627;&#x62F;&#x629; &#x627;&#x644;&#x625;&#x62F;&#x627;&#x631;&#x64A;&#x629;.</subfield>
    <subfield code="2">BUEsh</subfield>
  </datafield>
  <datafield tag="653" ind1=" " ind2=" ">
    <subfield code="b">BUSADM</subfield>
  </datafield>
  <datafield tag="655" ind1=" " ind2=" ">
    <subfield code="v">Reading book</subfield>
  </datafield>
  <datafield tag="942" ind1=" " ind2=" ">
    <subfield code="2">ddc</subfield>
    <subfield code="c">BB</subfield>
  </datafield>
  <datafield tag="999" ind1=" " ind2=" ">
    <subfield code="c">14196</subfield>
    <subfield code="d">14196</subfield>
  </datafield>
  <datafield tag="952" ind1=" " ind2=" ">
    <subfield code="0">0</subfield>
    <subfield code="1">0</subfield>
    <subfield code="2">ddc</subfield>
    <subfield code="4">0</subfield>
    <subfield code="7">0</subfield>
    <subfield code="8">Donation-G</subfield>
    <subfield code="a">MAIN</subfield>
    <subfield code="b">MAIN</subfield>
    <subfield code="c">1ST</subfield>
    <subfield code="d">2010-06-23</subfield>
    <subfield code="e">Donation</subfield>
    <subfield code="o">658.409 &#x647;&#x640; &#x648; &#x627;</subfield>
    <subfield code="p">000020984</subfield>
    <subfield code="r">2025-07-15 00:00:00</subfield>
    <subfield code="s">2010-11-09</subfield>
    <subfield code="y">BB</subfield>
  </datafield>
  <datafield tag="952" ind1=" " ind2=" ">
    <subfield code="0">0</subfield>
    <subfield code="1">0</subfield>
    <subfield code="2">ddc</subfield>
    <subfield code="4">0</subfield>
    <subfield code="7">0</subfield>
    <subfield code="8">Donation-G</subfield>
    <subfield code="a">MAIN</subfield>
    <subfield code="b">MAIN</subfield>
    <subfield code="c">1ST</subfield>
    <subfield code="d">2022-11-17</subfield>
    <subfield code="e">Donation</subfield>
    <subfield code="o">658.409 &#x647;&#x640;  &#x648; &#x627;</subfield>
    <subfield code="p">000056450</subfield>
    <subfield code="r">2025-07-15 00:00:00</subfield>
    <subfield code="y">BB</subfield>
  </datafield>
  <datafield tag="952" ind1=" " ind2=" ">
    <subfield code="0">0</subfield>
    <subfield code="1">0</subfield>
    <subfield code="2">ddc</subfield>
    <subfield code="4">0</subfield>
    <subfield code="7">0</subfield>
    <subfield code="8">Donation-G</subfield>
    <subfield code="a">MAIN</subfield>
    <subfield code="b">MAIN</subfield>
    <subfield code="c">1ST</subfield>
    <subfield code="d">2022-11-21</subfield>
    <subfield code="e">Donation</subfield>
    <subfield code="o">658.409 &#x647;&#x640;  &#x648; &#x627;</subfield>
    <subfield code="p">000056473</subfield>
    <subfield code="r">2025-07-15 00:00:00</subfield>
    <subfield code="y">NB</subfield>
  </datafield>
</record>
